000 00366 a2200157 4500
001 149275
040 _cEscola São Tomás de Aquino
100 _aLOBATO, Monteiro
240 1 0 _aA reforma da natureza
_lpor
245 1 0 _aA reforma da natureza
300 _a43
362 0 _a1987
440 1 _aBrasiliense
697 _a*LITERATURA INFANTO JUVENIL
942 _cBK
999 _c149275
_d149275